Demian (Registro nro. 15935)

000 -CABECERA
campo de control de longitud fija 00837nam a22002297a 4500
003 - IDENTIFICADOR DEL NÚMERO DE CONTROL
campo de control OSt
005 - FECHA Y HORA DE LA ÚLTIMA TRANSACCIÓN
campo de control 20250507152119.0
008 - DATOS DE LONGITUD FIJA--INFORMACIÓN GENERAL
campo de control de longitud fija 250507b ||||| |||| 00| 0 spa d
020 ## - NÚMERO INTERNACIONAL ESTÁNDAR DEL LIBRO
Número Internacional Estándar del Libro 9789585505056
040 ## - FUENTE DE LA CATALOGACIÓN
Centro/agencia transcriptor CO-Mq BPB
041 ## - CÓDIGO DE LENGUA
Código de lengua del texto/banda sonora o título independiente spa
082 ## - NÚMERO DE LA CLASIFICACIÓN DECIMAL DEWEY
Número de clasificación AN
Número de documento/Ítem HESd
100 ## - ENTRADA PRINCIPAL--NOMBRE DE PERSONA
Nombre de persona Hesse, Hermann
Fechas asociadas al nombre 1877-1962
Término indicativo de función/relación autor
245 ## - MENCIÓN DE TÍTULO
Título Demian
264 ## - PRODUCCIÓN, PUBLICACIÓN, DISTRIBUCIÓN, FABRICACIÓN Y COPYRIGHT
Producción, publicación, distribución, fabricación y copyright Bogotá;
Nombre del de productor, editor, distribuidor, fabricante Comcosur,
Fecha de producción, publicación, distribución, fabricación o copyright 2020
300 ## - DESCRIPCIÓN FÍSICA
Extensión 148 páginas;
Otras características físicas Tapa rustica
Dimensiones 21 cm
521 ## - NOTA DE PÚBLICO DESTINATARIO
Nota de público destinatario "La vida de todo hombre es un camino hacia sí mismo, la tentatividad de un camino, la huella de un sendero. Ningún hombre ha sido por completo él mismo; pero todos aspiran a llegar a serlo, oscuramente unos, más claramente otros, cada uno como puede."
650 ## - PUNTO DE ACCESO ADICIONAL DE MATERIA--TÉRMINO DE MATERIA
Término de materia o nombre geográfico como elemento de entrada Literatura universal
650 ## - PUNTO DE ACCESO ADICIONAL DE MATERIA--TÉRMINO DE MATERIA
Término de materia o nombre geográfico como elemento de entrada Ficción literaria
700 ## - PUNTO DE ACCESO ADICIONAL--NOMBRE DE PERSONA
Nombre de persona Manzanares, Manuel
Término indicativo de función/relación traductor
942 ## - ELEMENTOS DE PUNTO DE ACCESO ADICIONAL (KOHA)
Fuente del sistema de clasificación o colocación
Tipo de ítem Koha Libro Literatura
Existencias
Estado de retiro Estado de pérdida Fuente del sistema de clasificación o colocación Estado dañado No para préstamo Código de colección Localización permanente Ubicación/localización actual Ubicación en estantería Fecha de adquisición Fuente de adquisición Número de inventario Total de préstamos Signatura topográfica completa Código de barras Fecha visto por última vez Fecha del último préstamo Número de copia Precio válido a partir de Tipo de ítem Koha Nota pública
          Literatura Adulto Biblioteca Pública San Juan Bosco Biblioteca Pública San Juan Bosco Literatura 07/05/2025 Compra 2024 NT 1 AN HESd MOS504398 11/11/2025 23/10/2025 Ej.1 07/05/2025 Libro Literatura Quince dias
          Literatura Adulto Biblioteca Pública San Juan Bosco Biblioteca Pública San Juan Bosco Literatura 07/05/2025 Compra 2024 NT 1 AN HESd MOS504399 27/10/2025 08/10/2025 Ej.2 07/05/2025 Libro Literatura Quince dias

© Todos los derechos reservados para la Biblioteca Pública Municipal San Juan Bosco, 2020
Secretaria de Cultura de Mosquera
Carrera 3 N° 10 Esquina Centro Cultural Barrio El Carmén Teléfono: 8270830 Ext: 34
Funcionando con KOHA
Contacto: Biblioteca Pública Municipal San Juan Bosco/ bibliotecasanjuanbosco@mosquera-cundinamarca.gov.co
Mosquera, Cundinamarca